LEADER 01552nam 2200373 450 001 000007984 005 20050718115300.0 100 $a20010326d1993----km-y0itay0103----ba 101 0 $aita 102 $aIT 200 1 $aElementi di economia politica agraria$eteoria della produzione, della distribuzione e del ruolo dell'agricoltura$fGiancarlo Di Sandro 210 $aBologna$cCLUEB$dc1993 215 $a414 p.$d24 cm. 606 $aEconomia agraria 676 $a338.18$v(20. ed.)$9Produzione. Politiche agrarie governative 700 1$aDi Sandro,$bGiancarlo$071207 801 0$aIT$bUniversità della Basilicata - B.I.A.$gRICA$2unimarc 912 $a000007984 996 $aElementi di economia politica agraria$975081 997 $aUNIBAS BAS $aMONAGR BAS $aMONOGR BAS $aAGRARIA CAT $aTORRE$b20$c20010326$lBAS01$h1622 CAT $aTORRE$b20$c20010328$lBAS01$h1651 CAT $c20050601$lBAS01$h1754 CAT $abatch$b01$c20050718$lBAS01$h1049 CAT $c20050718$lBAS01$h1108 CAT $c20050718$lBAS01$h1138 CAT $c20050718$lBAS01$h1153 FMT Z30 -1$lBAS01$LBAS01$mBOOK$1BASA2$APolo Tecnico-Scientifico$2DID$BDidattica$3PTS.s2.p25.4$681730$5A81730$820010327$f98$FConsultazione Z30 -1$lBAS01$LBAS01$mBOOK$1BASA2$APolo Tecnico-Scientifico$2DID$BDidattica$3PTS.s2.p25.4A$682113$5A82113$820010327$f04$FPrestabile Didattica Z30 -1$lBAS01$LBAS01$mBOOK$1BASA2$APolo Tecnico-Scientifico$2DID$BDidattica$3PTS.s2.p25.4B$681729$5A81729$820010326$f04$FPrestabile Didattica LEADER 01598nam 2200397Ia 450 001 996384758303316 005 20200824132152.0 035 $a(CKB)4940000000075868 035 $a(EEBO)2240951856 035 $a(OCoLC)ocm12254142e 035 $a(OCoLC)12254142 035 $a(EXLCZ)994940000000075868 100 $a19850711d1650 uy | 101 0 $aeng 135 $aurbn||||a|bb| 200 13$aAn introduction to the Teutonick philosophie$b[electronic resource] $ebeing a determination concerning the original of the soul, viz. whether it be immediately created God and infus'd into the body, or transmitted from the parent /$fby C. Hotham ... at the close of the dispute held in the publique schooles of the University of Cambridge at the Commencement, March 3, 1646 ; Englished by D.F 210 $aLondon $cPrinted by T.M. & A.C. for Nath. Brooks ...$d1650 215 $a[26], 69, [2] p 300 $aTranslation of: Ad philosophiam teutonicam manuductio. 300 $aTranslated by Durant Hotham. Cf. DNB. 300 $a"Imprimatur Novemb. 20, 1649 J. Downame"--P. [2] at end. 300 $aErrata: p. [25]. 300 $aReproduction of original in British Library. 330 $aeebo-0018 606 $aSoul$vEarly works to 1800 615 0$aSoul 700 $aHotham$b Charles$f1615-1672.$01007719 701 $aHotham$b Durant$f1617?-1691.$01005687 801 0$bEAA 801 1$bEAA 801 2$bm/c 801 2$bWaOLN 906 $aBOOK 912 $a996384758303316 996 $aAn introduction to the Teutonick philosophie$92341339 997 $aUNISA